Resposible practices for better business manual.
| Format: | Book |
|---|---|
| Published: |
[S.l]:
[s.n],
2010.
|
| Subjects: |
| LEADER | 00418cam a2200145 7i4500 | ||
|---|---|---|---|
| 001 | 0000025120 | ||
| 005 | 20110112090000.0 | ||
| 090 | 0 | 0 | |a M 338.7 |b RES |
| 245 | 0 | 0 | |a Resposible practices for better business manual. |
| 260 | 0 | 0 | |a [S.l]: |b [s.n], |c 2010. |
| 300 | # | # | |a 76 p. |
| 650 | 0 | 0 | |a Business -- |z Malaysia |
| 650 | 0 | 0 | |a Business -- |z Holand |
| 651 | 0 | 0 | |a Malaysia |
| 999 | |a 0000027664 |b Directories |c Malaysia |e Business Information Centre | ||